| 000 | 00641nam a2200217Ia 4500 | ||
|---|---|---|---|
| 003 | OSt | ||
| 005 | 20221007082130.0 | ||
| 006 | a|||||r|||| 00| 0 | ||
| 007 | ta | ||
| 008 | 221006b |||||||| |||| 00| 0 eng d | ||
| 024 | _a25,833 | ||
| 037 | _cTextual | ||
| 040 |
_aFLL _cFLL _beng |
||
| 041 |
_2eng _aeng |
||
| 082 | _aZ1:A35qN0, E5 | ||
| 245 | 0 | _aHague declarations of 1899 (IV,1) and 1907 (XIV) prohibiting the discharge of project and explosives from balloons | |
| 260 |
_aWashington _bThe Endowment U.S.A. _c1915 |
||
| 300 |
_a1-5p _ccm. |
||
| 942 |
_hZ1:A35qN0, E5 _cTEXL _2CC |
||
| 999 |
_c1165419 _d1165419 |
||